| 000 | 00379nam a2200145Ia 4500 | ||
|---|---|---|---|
| 999 |
_c14785 _d14785 |
||
| 082 | _aRS.0368 | ||
| 100 | _aSinha, T.N. | ||
| 245 | 0 | _aHierarchical network of public sector organizations | |
| 260 |
_c1989 _bICSSR, New Delhi |
||
| 300 | _a243p. | ||
| 650 | _aPUBLIC SECTOR | ||
| 650 | _aORGANIZATIONAL EFFECTIVENESS | ||
| 710 | _aB.S.College, Danapur, Patna | ||
| 942 |
_cRP _2ddc |
||